Subjekty verejnej moci vo finančnom práve a ich právne vymedzenie
Cieľom tohto príspevku je exkurz do právnej úpravy s poukazom na rôznorodosť označenia niektorých oprávnených subjektov vo finančno-právnom vzťahu, ktoré sú sporadicky označované aj ako subjekty verejnej moci a to v rámci podsystémov finančného práva (vrátane daňového práva).
Salvato in:
| Autore principale: | |
|---|---|
| Natura: | Capitolo di libro |
| Lingua: | slovacco |
| Soggetti: | |
| Tags: |
Nessun Tag, puoi essere il primo ad aggiungerne!!
|
MARC
| LEADER | 00000naa a2200000 4500 | ||
|---|---|---|---|
| 001 | 0299918 | ||
| 005 | 20240409100904.7 | ||
| 041 | 0 | |a slo | |
| 044 | |a SK | ||
| 245 | 1 | 0 | |a Subjekty verejnej moci vo finančnom práve a ich právne vymedzenie |c Soňa Kubincová |
| 520 | |a Cieľom tohto príspevku je exkurz do právnej úpravy s poukazom na rôznorodosť označenia niektorých oprávnených subjektov vo finančno-právnom vzťahu, ktoré sú sporadicky označované aj ako subjekty verejnej moci a to v rámci podsystémov finančného práva (vrátane daňového práva). | ||
| 610 | 2 | 0 | |a moc verejná |
| 610 | 2 | 0 | |a právo finančné |
| 610 | 2 | 0 | |a právo daňové |
| 610 | 2 | 0 | |a štát právny |
| 610 | 2 | 0 | |a vzťahy právne |
| 610 | 2 | 0 | |a vzťahy peňažné |
| 100 | 1 | |a Kubincová, Soňa | |